000 00764nam a2200229 a 4500
999 _c1048
_d1048
001 1048
003 BD-JhCC
005 20220303134022.0
008 171014s1984 bg |||| ||a| 000 0 ben d
020 _a9844100399
035 _a(BD-JhCC)1048
040 _aBD-JhCC
_dBD-JhCC
041 _aben
082 _a822.33
_bSAK 1984
100 _aশেক্সপীয়র, উইলিয়াম
245 _aরোমিও জুলিয়েট /
_cউইলিয়াম শেক্সপীয়র, ড. মফিজ চৌধুরী (অনু.)
260 _aঢাকা :
_bমাওলা ব্রfদার্স,
_c1984.
300 _a127 p. :
_c21 cm.
650 _aEnglish Drama (Comedy)
_zUK
942 _2ddc
_cBK
_07